00359nam a2200145Ia 4500008004100000020001500041041001200056082001600068100001800084245005400102250000800156260002500164300000900189650001500198221030s9999 xx 000 0 und d a0070402744 aEnglish a105.23bBre aR. A. Brealey 0aPrinciples Of Corporate Financecby R. A. Brealey a6th bTMHaNew Delhic2002 a1093 aManagement